00882nam a2200241 a 450000100100000000500170001000800410002704000250006808200140009310000480010724501230015526000380027830000210031649000230033765000320036065000380039265000290043065000210045965000480048065000550052870000340058383000230061700002308820200930021959.0101126s1946 ag r 000 0 spa d aDO-SdBNPbspacBNPHU a884bE77s1 aEsquilo, Sófocles,d525 a. C. - 456 a. C.14aLas siete tragedias de Esquilo /cSófocles Esquilo ; Traducidas del griego al castellano por José Alemany Bolufer. aBuenos Aires :bEl Ateneo,c1946. a783 p. ;c20 cm.1 aTrágicos Griegos 4aEsquilo, 525-546 a. de j.c. 4aSófocles, 496?-406? a. de j. c. 4aPoesía tragica griega. 4aTragedia griega. 4aPoesía griegaxSiglo v a. c.xColecciones 4aTragedia griegaxSiglo v a de j. c.xColecciones .1 aAlemany Bolufer, José,etr. 0aTrágicos Griegos